书目信息 |
| 题名: |
异城情雨
|
|
| 作者: | 裴家勤 编选 | |
| 分册: | ||
| 出版信息: | 北京 外语教学与研究出版社 1982 |
|
| 页数: | 589页 | |
| 开本: | 19cm | |
| 丛书名: | ||
| 单 册: | ||
| 中图分类: | I512.4 | |
| 科图分类: | ||
| 主题词: | 文学 | |
| 电子资源: | ||
| ISBN: | ||
| 000 | 00598nam0 2200229 45 | |
| 001 | 0182002403 | |
| 005 | 20060820090041.32 | |
| 010 | @dCNY1.55 | |
| 091 | @a10215.75 | |
| 100 | @a19950627d1982 em y0chiy0121 ea | |
| 101 | 1 | @achi@crus |
| 102 | @aCN@b110000 | |
| 105 | @ay z 000ay | |
| 200 | 10 | @a异城情雨@Ayi cheng qing yu@f裴家勤编选 |
| 210 | @a北京@c外语教学与研究出版社@d1982 | |
| 215 | @a589页@d19cm | |
| 606 | 0 | @a文学 |
| 690 | @aI512.4 | |
| 701 | 0 | @a裴家勤@Apei jia qin@4编选 |
| 801 | 2 | @aCN@bNLC@c20060820 |
| 801 | 0 | @aCN@b上海图书馆@c20030104 |
| 905 | @f2@b89576-577@dI512.4@e106 | |
| 异城情雨/裴家勤编选.-北京:外语教学与研究出版社,1982 |
| 589页;19cm |
| ISBN :CNY1.55 |
| ● |
| 相关链接 |
|
|
|
|
正题名:异城情雨
索取号:I512.4/106
 
预约/预借
| 序号 | 登录号 | 条形码 | 馆藏地/架位号 | 状态 | 备注 |
| 1 | 0089576 | 000695581 | 第二借阅区/ [索取号:I512.4/106] | 在馆 | |
| 2 | 0089577 | 000062185 | 密集书库/ [索取号:I512.4/106] | 在馆 | |
| 3 | 0089578 | 000695572 | 第一样本阅览室/ [索取号:I512.4/106] | 在馆 | |
| 4 | 0470183 | 204701830 | 密集书库/ [索取号:I512.4/106] | 在馆 |